[Event "Hector S Nazzari Memorial 2019"]
[Site "Montevideo"]
[Date "2019.10.15"]
[Round "2.4"]
[White "Dominguez, Facundo"]
[Black "Muniz, Rafael"]
[Result "1-0"]
[WhiteElo "2130"]
[BlackElo "2282"]
[Annotator "TA"]
[PlyCount "91"]
[EventDate "2019.10.14"]
[EventType "swiss"]
[EventCountry "URU"]
[SourceTitle "playchess.com"]
[Source "ChessBase"]
[SourceQuality "1"]

{[%evp 9,91,19,42,42,48,41,41,43,38,43,66,57,85,64,66,33,33,27,64,53,76,62,65,48,49,73,84,18,17,-125,-130,-133,-125,-133,128,122,127,125,126,131,129,127,131,120,130,107,137,95,109,90,125,0,0,0,0,0,121,47,86,14,16,18,23,16,21,14,163,60,969,843,812,-458,1225,1179,29986,29987,29990,29991,29995,29996,29997,29998,29998,29999]} 1. e4 c5 2. b3 e6 3. Bb2 Nc6 4. Nf3 d6 5. Bb5 a6 (5... e5 6. O-O Be7 7. c3 f5 8. exf5 e4 9. Ne1 Nf6 10. d3 Bxf5 11. Nd2 exd3 12. Bxd3 Bg4 13. Nef3 {1-0 (30) Tomashevsky,E (2728)-Movsesian,S (2653) Huaian 2016}) 6. Bxc6+ $1 {B50: Sicilian: 2...d6, Miscellaneous} bxc6 7. O-O e5 8. c3 {White is slightly better.} Nf6 9. Re1 Be7 10. d4 cxd4 11. cxd4 exd4 12. e5 $146 ({Predecessor:} 12. Qxd4 O-O 13. Nbd2 {1-0 (60) Osmak,I (2020)-Mammadzada,G (1824) Dubai 2011}) 12... dxe5 13. Nxe5 Qd5 14. Qxd4 Be6 15. Qa4 {Threatens to win with Nc3.} O-O 16. Nc3 Qd2 17. Re2 $36 {[%mdl 2048] White is in control.} Qh6 18. Bc1 (18. Nxc6 $6 Bd6 $11) ({Better is} 18. h3 $16) 18... Qh5 $1 $11 19. Nxc6 (19. Bf4 $11) 19... Bd6 $1 $17 20. Bf4 Bxf4 $1 21. Qxf4 ({Not} 21. Ne7+ $2 Kh8 $19) 21... Nd5 $2 {[%mdl 8192] [#]} (21... Qc5 $1 $17 {[%cal Rc5c6]} 22. Rxe6 (22. Qf3 $2 Rac8 $19) 22... fxe6) 22. Qd2 $1 $16 Nxc3 23. Re5 Qh4 {Hoping for ...Nb5.} 24. Qxc3 Rfc8 25. Rc5 Re8 26. Rc1 h6 27. a4 Qf4 28. b4 Bd7 29. Rc4 Qd6 30. b5 (30. Qf3 $16) 30... axb5 $11 31. axb5 Ra2 $1 32. Qd4 Qe6 {[#]} (32... Rae2 $11 33. g4 (33. Qxd6 $2 {gets mated.} Re1+ {[%mdl 64] Back Rank} 34. Rxe1 Rxe1#) 33... Re1+ 34. Rxe1 Rxe1+ 35. Kg2 Qe6) 33. h3 ({White should try} 33. h4 $1 $16) 33... Qe2 $1 $14 34. b6 (34. h4 $16) 34... Rd2 $11 35. Qf4 g5 $1 {[%cal Rg5f4]} 36. Qg3 {b7 is the strong threat.} Rd3 $1 {[%cal Rd3g3]} 37. f3 {Black must now prevent b7.} Rd1+ (37... Rb3 $11) 38. Kh2 (38. Rxd1 $18 Qxd1+ 39. Kh2 Bxc6 40. Rxc6) 38... f5 $2 {[%mdl 8192]} (38... Rxc1 $14 39. Rxc1 Qb2) 39. Rxd1 $18 Qxd1 40. Qc7 $4 {[%mdl 8192]} (40. b7 $18 {avoids the disaster.} f4 41. Qf2) 40... f4 $4 {[%mdl 8192]} (40... Re1 $19 41. Kg3 f4+ {[%mdl 64] Overworked Piece} 42. Rxf4 gxf4+ 43. Qxf4 Bxc6) 41. Ne5 Qe1 42. Re4 {White mates.} Qg3+ 43. Kg1 Ra8 44. Qc4+ Kh8 45. Ng6+ Kg7 46. Re7+ {[%mdl 64] Double Attack. Accuracy: White = 49%, Black = 43%.} 1-0

[Event "Hector S Nazzari Memorial 2019"]
[Site "Montevideo"]
[Date "2019.10.15"]
[Round "2.5"]
[White "Coppola, Claudio"]
[Black "Avedisian, Alexander"]
[Result "1-0"]
[WhiteElo "2270"]
[BlackElo "1877"]
[Annotator "TA"]
[PlyCount "119"]
[EventDate "2019.10.14"]
[EventType "swiss"]
[EventCountry "URU"]
[SourceTitle "playchess.com"]
[Source "ChessBase"]
[SourceQuality "1"]

{[%evp 10,119,48,47,68,13,35,35,37,40,41,34,62,59,61,60,55,19,56,32,106,109,115,110,108,127,116,99,115,100,144,137,147,156,150,152,142,146,173,175,160,147,136,125,127,119,137,90,148,141,145,99,146,142,147,151,181,133,125,138,145,108,108,108,111,104,104,96,96,96,134,145,293,281,293,322,307,283,282,0,0,0,0,0,1083,1092,1206,640,685,128,2452,2307,2406,1375,2371,2339,29978,29979,29977,29977,29981,29982,29982,29983,29983,29983,29984,29984,29989,29990,29990,29990]} 1. d4 Nf6 2. Nc3 g6 3. e4 d6 4. Be3 Bg7 5. f3 O-O 6. Qd2 c5 {B07: Pirc Defence: Miscellaneous Systems} 7. Nge2 (7. dxc5 $14 dxc5 8. Qxd8 Rxd8 9. Bxc5) 7... Nc6 (7... Qa5 8. g4 Nc6 9. h4 b5 10. h5 b4 11. Nd5 Nxd5 12. exd5 cxd4 {1-0 (63) Ponomariov,R (2731)-Dominguez Perez,L (2754) Beijing 2013}) 8. dxc5 dxc5 {White is slightly better.} 9. Qxd8 Rxd8 10. Bxc5 Nd7 11. Be3 Nde5 12. Nf4 $146 ({Predecessor:} 12. Rd1 Be6 13. a3 Nc4 14. Bc1 {1-0 (45) Sikorova,O (2203)-Ibrahim,E (2015) Istanbul 2000}) 12... e6 13. Be2 Na5 14. Rd1 Rxd1+ ({Better is} 14... Bd7 $1 $14) 15. Nxd1 $16 ({Don't play} 15. Bxd1 $6 b6 $11) 15... Nac4 16. Bc1 Bd7 17. b3 Nd6 18. a4 Bh6 19. Be3 Kg7 20. h4 f5 21. g4 fxg4 22. fxg4 {Strongly threatening g5.} Bxf4 23. Bxf4 Ndf7 24. Kd2 h6 25. Nb2 g5 26. hxg5 hxg5 27. Bg3 Ng6 28. Nc4 e5 (28... Nf4 $142) 29. Ne3 Rd8 30. Bd3 Bc6 {Threatening ...Bxe4.} 31. Nf5+ $1 Kf6 {With the idea ...Bxe4.} 32. Ke3 a6 33. Bc4 Nd6 34. Nxd6 Rxd6 35. Rh7 {[%csl Gc4][%cal Rh7f7]} Rd7 36. Rxd7 Bxd7 {[%mdl 4096] Endgame KBB-KBN} 37. Bd5 Bc8 38. c4 Nf4 39. Kf3 Ne6 {[#]} 40. Bf2 $1 Nd4+ {[#]} (40... a5 $16 41. Bxe6 Kxe6) 41. Bxd4 $1 $18 exd4 {KB-KB} 42. a5 Ke5 43. c5 Kf6 44. Ke2 $2 (44. b4 $18) 44... Bxg4+ $11 45. Kd3 Ke5 $1 46. Bxb7 {Black must now prevent c6.} Bh3 $2 {[%mdl 8192]} (46... Bf3 $11 47. c6 (47. Bxa6 g4 $11) 47... Bxe4+ 48. Ke2 g4) 47. Ke2 $18 g4 48. Bc8 Kxe4 49. c6 $2 (49. Bxa6 $18 {is the precise move to win.} g3 50. c6) 49... Kd5 $2 {[%mdl 8192]} (49... d3+ $16 50. Ke1 Bg2) 50. c7 Kd6 51. Bxa6 Kxc7 52. Kf2 Kc6 53. Kg3 {White mates.} Kc5 54. Bc4 Kc6 55. b4 {[%cal Bb3b4,Bb4b5,Bb5b6][%mdl 32]} Kb7 56. b5 Kc7 57. b6+ Kb7 58. Bd3 Kb8 59. a6 {[%cal Ba5a6,Ba6a7][%mdl 32]} Kc8 60. a7 {Accuracy: White = 51%, Black = 34%.} 1-0

[Event "Hector S Nazzari Memorial 2019"]
[Site "Montevideo"]
[Date "2019.10.15"]
[Round "2.6"]
[White "Durante, Aurelio"]
[Black "Diaz Hollemaert, Nahuel"]
[Result "0-1"]
[WhiteElo "1978"]
[BlackElo "2439"]
[Annotator "TA"]
[PlyCount "60"]
[EventDate "2019.10.14"]
[EventType "swiss"]
[EventCountry "URU"]
[SourceTitle "playchess.com"]
[Source "ChessBase"]
[SourceQuality "1"]

{[%evp 9,60,-10,2,-1,40,-32,-18,-18,-21,-52,48,-68,-77,-68,-72,-100,-104,-102,-103,-185,-186,-200,-187,-257,-246,-238,-239,-353,-247,-356,-348,-347,-337,-329,-329,-328,-330,-354,-349,-394,-382,-686,-714,-756,-733,-789,-787,-1125,-1129,-1417,-1446,-1334,-1317]} 1. e4 g6 2. Bc4 Bg7 3. d3 c6 4. Nc3 e6 (4... d5 5. exd5 b5 6. Bb3 b4 7. Nce2 cxd5 8. d4 Nc6 9. Nf3 e6 10. a3 bxa3 11. Rxa3 {0-1 (38) Beukema,J (2299)-Nagy,G (2468) Eupen 2018}) 5. Qe2 d6 (5... b5 $5 6. Bb3 $8 a5 $11) 6. Nf3 {B06: Modern Defence} Ne7 $146 ({Predecessor:} 6... Nd7 7. O-O Ne5 8. Nxe5 dxe5 9. Be3 Ne7 10. Rad1 b5 11. Bb3 a5 {0-1 (59) Trumpp,L (2020)-Lotz,R (1900) Heusenstamm 2016}) 7. Bg5 (7. d4 $14) 7... b5 {[%cal Bb7b5,Bb5b4][%mdl 32]} 8. Bb3 {The position is equal.} a5 9. a4 Ba6 ({Black should try} 9... b4 $15 10. Nd1 Nd7) 10. Qd2 ({Better is} 10. e5 $1 $14) 10... b4 $15 11. Nd1 h6 12. Bh4 Nd7 13. O-O Nc5 {And now ...Bxd3! would win.} 14. Ne1 (14. Ba2 $17) 14... d5 15. exd5 cxd5 16. Rb1 (16. f4 $142) 16... g5 17. Bg3 e5 18. f3 (18. Ba2 {was worth a try.}) 18... O-O 19. Bf2 (19. Ba2 $142) 19... Nxb3 $19 20. cxb3 d4 21. h4 f6 22. hxg5 hxg5 ({Don't do} 22... fxg5 23. Bg3 $19) 23. g4 Qd5 24. Qe2 f5 {aiming for ...fxg4.} 25. Qd2 $2 {[#]} (25. Bg3) 25... fxg4 {Black is clearly winning.} 26. Qxg5 Rf6 27. Bg3 Nf5 28. Qxg4 Qf7 29. Nf2 Rg6 30. Ne4 Nxg3 {Accuracy: White = 22%, Black = 83%.} 0-1

[Event "Hector S Nazzari Memorial 2019"]
[Site "Montevideo"]
[Date "2019.10.15"]
[Round "2.7"]
[White "Lopez Azambuja, Nicolas"]
[Black "Gomez Troccoli, Martin"]
[Result "1-0"]
[WhiteElo "2318"]
[BlackElo "1961"]
[Annotator "TA"]
[PlyCount "87"]
[EventDate "2019.10.14"]
[EventType "swiss"]
[EventCountry "URU"]
[SourceTitle "playchess.com"]
[Source "ChessBase"]
[SourceQuality "1"]

{[%evp 18,87,31,0,0,16,0,0,0,-54,6,14,13,8,24,21,33,24,31,25,32,25,20,17,68,65,99,92,119,85,81,83,83,89,88,79,76,68,96,54,84,81,117,38,106,17,16,16,14,-24,0,0,0,0,0,0,21,11,35,39,102,0,0,0,0,0,0,0,0,0,0,0]} 1. d4 Nf6 2. c4 c5 3. d5 b5 4. cxb5 a6 5. b6 e6 6. Nc3 Nxd5 7. Nxd5 exd5 8. Qxd5 Nc6 9. Nf3 Rb8 10. Ne5 {[%csl Ge5][%cal Rd5f7]} Qf6 $1 {A57: Benko/Volga Gambit} 11. Nxc6 dxc6 12. Qf3 $146 ({Predecessor:} 12. Qg5 Be7 {½-½ (17) Bets,A (2413)-Krivoshey,S (2434) Rovno 2000}) 12... Be7 13. Qf4 ({White should play} 13. Bd2 $11) 13... Qxf4 (13... Rxb6 $15 14. e4 (14. Qc7 $2 Bd8 $19) 14... Qxf4 15. Bxf4 Rxb2) 14. Bxf4 $11 Rxb6 15. Be5 f6 16. Bc3 Be6 17. e3 c4 18. a3 Kf7 19. Be2 Bd6 20. Rc1 Rhb8 (20... Be5 $11) 21. O-O $1 $14 c5 22. f4 f5 23. Rfd1 g6 24. Kf2 R8b7 25. Bf3 Ra7 26. Rc2 a5 27. Ke2 Ke7 28. Rg1 Kf7 {[#]} 29. g4 $1 Re7 30. Bxa5 (30. h3 $16) 30... Ra6 {[#]} (30... Rb3 $14) 31. Bc3 ({White should try} 31. Bd2 $1 $16) 31... fxg4 $11 32. Bxg4 Bxf4 $1 33. Bd2 {White wants to play Bxe6+.} Bxg4+ 34. Rxg4 Bxh2 35. Rh4 Be5 36. Rxh7+ Kf6 37. Rh4 Rae6 38. Kf3 Rf7 (38... Rb7 $14) 39. Kg4 ({Better is} 39. Rhxc4 $16 Bd6 40. e4) 39... Kg7 {aiming for ...Rf2.The position is equal.} 40. Rxc4 Rf2 41. Bc3 Bxc3 42. Rxc3 Rxb2 43. Kf3 Ra2 44. Ra4 {[%mdl 32768] Accuracy: White = 61%, Black = 35%. . Loss on time!?} 1-0

[Event "Hector S Nazzari Memorial 2019"]
[Site "Montevideo"]
[Date "2019.10.15"]
[Round "2.8"]
[White "Curi, Gabriel"]
[Black "Tregarthen, Emiliano"]
[Result "1-0"]
[WhiteElo "2194"]
[BlackElo "2039"]
[Annotator "TA"]
[PlyCount "91"]
[EventDate "2019.10.14"]
[EventType "swiss"]
[EventCountry "URU"]
[SourceTitle "playchess.com"]
[Source "ChessBase"]
[SourceQuality "1"]

{[%evp 20,91,29,24,27,16,53,42,80,87,239,255,247,245,295,297,369,364,351,55,283,287,272,282,291,294,284,293,346,334,402,405,486,338,342,343,396,392,375,391,398,389,372,368,433,417,509,425,504,438,431,431,526,526,526,526,519,498,609,605,595,578,595,570,1119,1097,29961,29960,5102,4789,29976,29978,29978,29978]} 1. e4 c5 2. Nf3 d6 3. Bb5+ Bd7 4. Bxd7+ Qxd7 5. c4 Nc6 6. d4 cxd4 7. Nxd4 g6 8. Nc3 Bg7 9. Be3 Nf6 10. f3 O-O 11. O-O Rfe8 {B52: Sicilian: Moscow Variation with 3...Bd7} (11... a6 12. Qd3 Rac8 13. b3 e6 14. Rad1 Rfd8 15. Nde2 b5 16. cxb5 Ne5 17. Qd2 axb5 18. Bb6 Re8 19. Qxd6 Qxd6 20. Rxd6 {½-½ (63) Vachier Lagrave,M (2774)-Wei,Y (2721) chess.com INT 2019}) 12. Qd2 Rac8 13. b3 e6 {White is slightly better.} 14. Rad1 $146 ({Predecessor:} 14. Rac1 Red8 15. Rfd1 b6 16. Ndb5 Ne8 17. Bg5 Ne7 18. Bf4 e5 19. Bg5 f6 20. Be3 Qb7 {0-1 (52) Varitski,I (2361)-Tarlev,K Alushta 2002}) 14... Ne5 $2 (14... Nxd4 $16 {is a better defense.} 15. Bxd4 b6) 15. Ndb5 $18 d5 16. Nxa7 Ra8 17. cxd5 b6 18. Nab5 exd5 19. f4 $2 (19. Bxb6 Rab8 $16) ({White should play} 19. Qf2 $18) 19... Neg4 $2 (19... Nxe4 $14 20. Qxd5 Nxc3 21. Nxc3 Qxd5 22. Nxd5 Ng4 23. Bxb6 Rxa2) 20. e5 (20. Bxb6 Nxe4 21. Qxd5 Qxd5 $14) 20... Bf8 21. Bxb6 Rab8 22. Bd4 ({Less strong is} 22. exf6 Rxb6 23. Qxd5 Qc8 $11) 22... Ne4 23. Qd3 h5 24. a4 Nc5 25. Qf3 Nxb3 26. h3 Nxd4 27. Nxd4 ({Don't take} 27. Rxd4 Bc5) 27... Nh6 28. Nxd5 {aiming for Nf6+.} Qxa4 29. Nf6+ {[%mdl 64] [#] Double Attack} Kh8 30. Nxe8 Qxe8 31. Qc6 Qe7 32. Kh1 Bg7 33. Qe4 {[#] Hoping for Nc6.} Qh4 34. Qe1 Qxe1 35. Rfxe1 ({Much less strong is} 35. Rdxe1 Rb4 $18) 35... Rd8 36. Nc6 Rc8 37. Rd8+ Rxd8 38. Nxd8 {[%mdl 4096] Endgame KRN-KBN} h4 39. Kg1 Kg8 40. Kf2 Nf5 41. Rd1 g5 42. Rd7 gxf4 43. Rxf7 Nd4 44. e6 {White threatens e7 and mate.} Nxe6 45. Nxe6 Kxf7 46. Nxg7 {Accuracy: White = 68%, Black = 23%.} 1-0

[Event "Hector S Nazzari Memorial 2019"]
[Site "Montevideo"]
[Date "2019.10.15"]
[Round "2.9"]
[White "Vazquez, Facundo"]
[Black "El Ters, Antouan"]
[Result "1/2-1/2"]
[WhiteElo "2103"]
[BlackElo "2200"]
[Annotator "TA"]
[PlyCount "67"]
[EventDate "2019.10.14"]
[EventType "swiss"]
[EventCountry "URU"]
[SourceTitle "playchess.com"]
[Source "ChessBase"]
[SourceQuality "1"]

{[%evp 12,67,20,10,24,21,37,23,47,37,85,70,112,116,117,101,110,108,107,97,128,89,70,35,49,31,23,18,39,39,49,45,41,46,50,0,63,66,98,98,98,96,92,79,96,94,93,81,84,30,47,12,63,0,0,-16,-11,-24]} 1. d4 Nf6 2. c4 e6 3. Nf3 Bb4+ 4. Bd2 Bxd2+ 5. Qxd2 b6 6. Nc3 Bb7 7. d5 O-O {E11: Bogo-Indian} 8. g3 (8. e4 exd5 9. exd5 c6 10. Be2 cxd5 11. cxd5 Na6 12. O-O Nc7 13. d6 Ne6 14. Ne5 Rc8 15. h3 {1-0 (38) Ghaem Maghami,E (2525)-Toufighi,H (2436) Amol 2018}) 8... exd5 9. cxd5 d6 {White has an edge.} 10. Bg2 Re8 11. O-O a5 $146 ({Predecessor:} 11... Nbd7 12. Nd4 Nc5 13. Qf4 Re5 14. b4 Ncd7 15. e4 Rc8 16. Rac1 c6 17. dxc6 Bxc6 18. Rfd1 Qe8 19. Nf5 Rxf5 20. Qxf5 Qe7 21. Nb5 {1-0 (21) Dzulynski,M (1715)-Kappel,R (1648) LSS email 2009}) 12. Nd4 Na6 13. Rfe1 Nc5 14. Rad1 Qd7 15. e4 Ba6 16. Qc2 b5 {[%cal Bb6b5,Bb5b4][%mdl 32]} 17. Nc6 b4 18. Nb1 Qg4 19. f3 Qh5 20. a3 Bb5 {With the idea ...Ba4.} 21. Nd4 $1 $36 {[%cal Rd4b5][%mdl 2048] White has the initiative.} Ba4 22. b3 Bd7 23. a4 Bc8 (23... Qg6 $11) 24. Nd2 $14 Ba6 25. Bf1 Bxf1 26. Rxf1 Nfd7 27. Nc4 Ne5 28. Nxe5 Rxe5 29. Nc6 Ree8 30. Rde1 (30. Kg2 $16) 30... f5 $1 $11 31. e5 f4 $1 32. g4 (32. Qc4 $14) 32... Qg6 33. Qxg6 hxg6 34. exd6 {Accuracy: White = 59%, Black = 55%.} 1/2-1/2

[Event "Hector S Nazzari Memorial 2019"]
[Site "Montevideo"]
[Date "2019.10.16"]
[Round "2.10"]
[White "Carbone, Diego"]
[Black "Soto, Nicolas"]
[Result "1-0"]
[WhiteElo "2233"]
[BlackElo "2013"]
[Annotator "RC"]
[PlyCount "135"]
[EventDate "2019.10.14"]
[EventType "swiss"]
[EventCountry "URU"]
[SourceTitle "playchess.com"]
[Source "ChessBase"]
[SourceQuality "1"]
[TimeControl "5400+30"]

1. d4 {[%emt 0:00:00]} d5 {[%emt 0:00:00]} 2. c4 {[%emt 0:00:05]} c6 {[%emt 0:00:00]} 3. Nf3 {[%emt 0:00:12]} Nf6 {[%emt 0:00:00]} 4. e3 {[%emt 0:00:20]} Bf5 {[%emt 0:00:21]} 5. Nc3 {[%emt 0:01:17]} e6 {[%emt 0:00:26]} 6. Nh4 {[%emt 0:03:13]} Bg6 {[%emt 0:00:24]} 7. Be2 {[%emt 0:00:33]} Nbd7 {[%emt 0:00:38]} 8. O-O {[%emt 0:04:27]} Be7 {[%emt 0:06:25]} 9. g3 {[%emt 0:01:34]} a6 {[%emt 0:04:55]} 10. a4 {[%emt 0:02:27]} a5 {[%emt 0:10:03]} 11. Nxg6 {[%emt 0:09:17]} hxg6 {[%emt 0:00:11]} 12. Qc2 {[%emt 0:00:27]} O-O {[%emt 0:04:52]} 13. Rd1 {[%emt 0:03:45]} Rc8 {[%emt 0:06:46]} 14. e4 {[%emt 0:12:10]} dxe4 {[%emt 0:06:41]} 15. Nxe4 {[%emt 0:01:53]} Nxe4 {[%emt 0:00:38]} 16. Qxe4 {[%emt 0:00:03]} Nf6 {[%emt 0:00:14]} 17. Qc2 {[%emt 0:01:20]} Bb4 {[%emt 0:00:24]} 18. Bf3 {[%emt 0:04:47]} Qe7 {[%emt 0:00:35]} 19. Be3 {[%emt 0:03:14]} Rfd8 {[%emt 0:00:54]} 20. Kg2 {[%emt 0:04:31]} e5 {[%emt 0:03:46]} 21. dxe5 {[%emt 0:02:06]} Qxe5 {[%emt 0:00:35]} 22. Bb6 {[%emt 0:05:31]} Rxd1 {[%emt 0:04:53]} 23. Rxd1 {[%emt 0:00:15]} g5 {[%emt 0:00:21]} 24. h3 {[%emt 0:02:50]} Bc5 {[%emt 0:02:26]} 25. Qb3 {[%emt 0:18:36]} Bb4 {[%emt 0:07:28]} 26. Qe3 {[%emt 0:04:20]} Re8 {[%emt 0:10:28]} 27. Qxe5 {[%emt 0:03:25]} Rxe5 {[%emt 0:00:11]} 28. Bd4 {[%emt 0:02:40]} Re1 {[%emt 0:01:33]} 29. Rxe1 {[%emt 0:00:04]} Bxe1 {[%emt 0:00:13]} 30. Be3 {[%emt 0:00:42]} Nd7 {[%emt 0:03:56]} 31. Bxg5 {[%emt 0:01:08]} Nc5 {[%emt 0:00:07]} 32. Kf1 {[%emt 0:02:02]} Bb4 {[%emt 0:02:42]} 33. Bd1 {[%emt 0:02:26]} Ne4 {[%emt 0:00:07]} 34. Bf4 {[%emt 0:02:15]} Nd2+ {[%emt 0:00:06]} 35. Ke2 {[%emt 0:02:29]} Nxc4 {[%emt 0:00:10]} 36. b3 {[%emt 0:00:10]} Nb6 {[%emt 0:00:36]} 37. Bc2 {[%emt 0:00:51]} Nd5 {[%emt 0:00:21]} 38. Be5 {[%emt 0:00:04]} f6 {[%emt 0:01:06]} 39. Bb2 {[%emt 0:00:28]} Kf7 {[%emt 0:01:30]} 40. h4 {[%emt 0:00:14]} Ke6 {[%emt 0:04:56]} 41. g4 {[%emt 0:00:33]} b5 {[%emt 0:01:14]} 42. h5 {[%emt 0:01:18]} Bd6 {[%emt 0:03:51]} 43. Bf5+ {[%emt 0:00:31]} Ke7 {[%emt 0:00:34]} 44. Be4 {[%emt 0:00:47]} Nb4 {[%emt 0:01:45]} 45. Kf3 {[%emt 0:00:32]} Kf7 {[%emt 0:09:43]} 46. Bc3 {[%emt 0:00:22]} Bc5 {[%emt 0:00:50]} 47. Ke2 {[%emt 0:00:26]} Bb6 {[%emt 0:01:33]} 48. f4 {[%emt 0:00:25]} Bc5 {[%emt 0:01:12]} 49. Kf3 {[%emt 0:00:05]} Bb6 {[%emt 0:00:19]} 50. Bg6+ {[%emt 0:00:37]} Kf8 {[%emt 0:00:30]} 51. g5 {[%emt 0:00:50]} fxg5 {[%emt 0:00:30]} 52. fxg5 {[%emt 0:00:01]} Nd5 {[%emt 0:00:20]} 53. Bd2 {[%emt 0:01:10]} bxa4 {[%emt 0:00:14]} 54. bxa4 {[%emt 0:00:07]} Bd8 {[%emt 0:00:53]} 55. Be4 {[%emt 0:00:54]} Ne7 {[%emt 0:01:20]} 56. Kg4 {[%emt 0:00:32]} Kf7 {[%emt 0:00:14]} 57. Bc3 {[%emt 0:00:17]} Nd5 {[%emt 0:00:28]} 58. Bxd5+ {[%emt 0:00:48]} cxd5 {[%emt 0:00:01]} 59. Kf5 {[%emt 0:00:28]} Bb6 {[%emt 0:00:25]} 60. g6+ {[%emt 0:00:19]} Kf8 {[%emt 0:00:15]} 61. Ke5 {[%emt 0:00:26]} d4 {[%emt 0:01:47]} 62. Bxd4 {[%emt 0:00:19]} Bc7+ {[%emt 0:00:10]} 63. Ke6 {[%emt 0:00:46]} Bf4 {[%emt 0:00:35]} 64. Kd7 {[%emt 0:00:28]} Bd2 {[%emt 0:00:20]} 65. Bc5+ {[%emt 0:00:06]} Kg8 {[%emt 0:00:20]} 66. Kc6 {[%emt 0:00:17]} Bc3 {[%emt 0:00:46]} 67. Kb5 {[%emt 0:00:09]} Bd2 {[%emt 0:00:39]} 68. Bb6 {[%emt 0:00:28]} 1-0

[Event "Hector S Nazzari Memorial 2019"]
[Site "Montevideo"]
[Date "2019.10.15"]
[Round "2.11"]
[White "Rodriguez Farias, Eduardo"]
[Black "Vaz Lacuesta, Leonardo"]
[Result "1-0"]
[WhiteElo "1931"]
[BlackElo "2103"]
[Annotator "TA"]
[PlyCount "97"]
[EventDate "2019.10.14"]
[EventType "swiss"]
[EventCountry "URU"]
[SourceTitle "playchess.com"]
[Source "ChessBase"]
[SourceQuality "1"]

{[%evp 11,97,-2,26,25,70,64,55,65,68,31,105,79,105,105,110,108,119,118,184,105,151,153,143,127,144,133,171,126,130,132,138,115,130,100,125,79,152,152,193,108,114,120,593,579,710,579,1266,1150,1090,970,1042,1018,1039,1033,1025,996,1653,1565,1425,0,877,577,1847,989,1964,804,1060,806,29987,29988,29988,2557,29991,29989,29990,29987,29992,29989,29989,1002,29974,5418,29990,29991,29994,29995,29995,29996]} 1. e4 e6 2. d4 d5 3. e5 c5 4. c3 Nc6 5. Nf3 Bd7 6. Be2 Qc7 7. O-O {C02: French: Advance Variation} cxd4 (7... f6 8. Bf4 O-O-O 9. b4 c4 10. a4 g5 11. Bg3 g4 12. exf6 Bd6 13. Ng5 Rf8 14. Bxg4 Rxf6 15. Na3 a6 16. Re1 {1-0 (28) Simacek,P (2481)-Bhakti,K (2303) Marianske Lazne 2019}) 8. cxd4 Nge7 9. Nc3 {And now Nb5 would win.White is slightly better.} a6 10. Be3 Ng6 $146 (10... Nf5 $14) ({Predecessor:} 10... Rc8 11. Rc1 Nf5 12. Qd2 Nxe3 13. Qxe3 Be7 14. Rfd1 O-O {½-½ (32) Mellenthin,H (1746)-Muenster,H (1702) Berlin 2006}) 11. Rc1 Be7 12. Bd3 f6 13. exf6 gxf6 14. g3 Kf7 (14... O-O $16) 15. Ne1 (15. Bh6 $18) 15... Rag8 16. Qh5 Qb6 17. b3 Ba3 18. Rd1 Nb4 19. Bb1 Qc7 20. Bc1 Bxc1 21. Rxc1 Qb6 22. a3 Nc6 {[#]} 23. Na4 $1 $36 {[%cal Ra4b6][%mdl 2048] White has strong initiative.} Qa5 ({Wrong is} 23... Qxb3 $2 24. Nc5 $18) (23... Qxd4 $142 24. Nf3 Qa7) 24. Nc5 Bc8 25. Ned3 ({White should play} 25. Nf3 $18) 25... Nxd4 $16 26. Nf4 f5 $2 {[%mdl 8192]} (26... Qd8 $16) 27. Rfd1 $18 Nc6 28. Nfxe6 Ke7 29. Qxf5 Rf8 30. Qg5+ Rf6 31. Re1 Kf7 32. b4 Qxa3 33. Qxd5 Nge7 34. Qh5+ Ng6 35. Qd5 Nge7 $1 {[%cal Re7d5]} 36. Qc4 b5 37. Qe2 Qxb4 38. Ba2 (38. Qh5+ $142 Ng6 39. Bxg6+ {[%mdl 64] Overworked Piece} Rxg6 40. Qf3+ {[%mdl 64] Double Attack} Rf6 41. Qxc6) 38... Bxe6 39. Nxe6 {aiming for Qh5+.} Rc8 40. Qh5+ {[%mdl 64] [#] Double Attack} Rg6 41. Qxh7+ Kf6 42. Rcd1 Ne5 43. Nd4 Qa3 44. Qh4+ Kg7 45. Bb1 (45. Rxe5 $142 Qxa2 46. Rxe7+ Kf8 47. Rde1 Qd5 48. Qh8+ Qg8 49. Qh3 Rg4 50. Qh6+ {[%mdl 64] Double Attack} Qg7 51. Rxg7) 45... Rh8 46. Qf4 {White threatens Nf5+ and mate.} Nf7 47. Bxg6 {White mates.} Nxg6 48. Ne6+ Kg8 49. Qf6 {Accuracy: White = 57%, Black = 26%.} 1-0